000 00393nam a2200133Ia 4500
001 1774
008 241024s9999 xx 000 0 und d
082 _aRD/792.028/R426c/3
100 _aRepública Dominicana. Secretaría de Estado de Educación y Cultura
245 0 _aCuadernos de arte No.3. Artes Escénicas
260 _bEd. Taller
_c1997
901 _a27/9/2011 8:16:02 a.m.
999 _c7936
_d7936